| 000 | 00798 a2200265 4500 | ||
|---|---|---|---|
| 001 | 200158716 | ||
| 003 | TR-AnTOB | ||
| 005 | 20240925141222.0 | ||
| 008 | 140127s tu 000 0 | ||
| 020 | _a9789944899710 | ||
| 040 |
_aTR-AnTOB _cTR-AnTOB |
||
| 041 | _atur | ||
| 050 |
_aNA2450 _bY43 2010 |
||
| 090 | _aNA2450.Y43 2010 | ||
| 245 | 0 |
_aXII. ulusal mimarlık sergisi ve ödülleri, 2010 : _bkatalog / _cyay. haz. N. Müge Cengizhan. |
|
| 264 |
_aAnkara: _bMimarlar Odası Yayınları, _c2010 |
||
| 300 |
_a67 s. : _bfotoğ. ; _c27 cm. |
||
| 336 |
_atext _2rdacontent |
||
| 337 |
_aunmediated _2rdamedia |
||
| 338 |
_avolume _2rdacarrier |
||
| 650 | 0 |
_aMimari _xYarışmalar _zTürkiye _vKataloglar _9111111 |
|
| 710 |
_aMimarlar Odası (Turkey) _995962 |
||
| 942 |
_cBK _2lcc |
||
| 999 |
_c200158716 _d38243 |
||